|
|
|
|
| LEADER |
00000nab a2200000 a 4500 |
| 001 |
vtls000782364 |
| 003 |
SK-MaSNL |
| 005 |
20260303072600.0 |
| 008 |
180206c2002 xo 0 slo |
| 015 |
|
|
|a SNBRB2002/02-04481
|
| 035 |
|
|
|a CLN000134083
|
| 040 |
|
|
|a SNKBUCL
|b slo
|c SNKBUCL
|e AACR2
|
| 041 |
0 |
|
|a slo
|
| 044 |
|
|
|a xo
|c SK
|
| 080 |
|
|
|a 336.714(437.6):343.537
|2 UDC-MRF-SK2
|
| 080 |
|
|
|a 343.537
|2 UDC-MRF-SK2
|
| 100 |
1 |
|
|a Vavro, Peter
|4 aut
|9 276044
|
| 245 |
1 |
0 |
|a Miliardové vklady v Horizonte sú ohrozené
|c Peter Vavro
|
| 300 |
|
|
|b Fotogr.
|
| 610 |
|
7 |
|a Horizont Slovakia
|2 snkbucl
|9 29083
|
| 650 |
0 |
7 |
|a subjekty nebankové nelicencované
|x podnikanie neoprávnené
|z Slovensko
|2 snkbucl
|9 841923
|
| 655 |
|
7 |
|a články z novín a časopisov
|2 snkbucl
|9 267496
|
| 773 |
0 |
|
|t Národná obroda
|g Roč. 13, č. 30 (5.2.2002), s. 1
|
| 850 |
|
|
|a Slovenská národná knižnica v Martine
|
| 852 |
|
|
|a SNK
|b KIS3GCP
|
| 958 |
|
|
|a RBX
|
| 999 |
|
|
|c 1763968
|d 1765898
|